000 00643nam a2200277Ia 4500
005 20260324150246.0
008 008 260324s9999 xx 000 0 eng d
020 _a9780429461255
037 _aEBOOK
040 _aCRL
040 _beng
040 _cCRL
041 _2eng
041 _aeng
084 _qCRL
100 _aHugh Corbet
_91225808
245 0 _aTrade Strategy and the Asian-Pacific Region
260 _bTaylor and Francis
260 _c1970
365 _a
365 _b180
856 _uhttp://www.taylorfrancis.com/books/9780429461255
942 _cEBOOK
999 _c1834946
_d1834946